[Event "FIDE World Cup 2017"]
[Site "Tbilisi"]
[Date "2017.09.08"]
[Round "2.3"]
[White "Li, Chao b"]
[Black "Sevian, Samuel"]
[Result "1/2-1/2"]
[WhiteElo "2745"]
[BlackElo "2610"]
[Annotator "TA"]
[PlyCount "189"]
[EventDate "2017.??.??"]
[EventType "k.o."]
[EventCountry "GEO"]
[SourceTitle "playchess.com"]
[Source "ChessBase"]
[SourceQuality "1"]

{[%evp 14,189,18,18,29,24,44,10,1,0,38,-39,-54,-73,-41,-31,-31,-47,-48,-49,-26,-16,-21,-12,7,25,10,-7,21,0,0,-5,0,-56,0,-41,10,10,10,0,10,6,10,11,10,8,15,7,7,0,144,0,0,0,0,0,2,0,7,0,6,5,15,15,16,9,10,0,0,0,16,0,0,5,12,12,12,12,14,12,16,17,44,44,44,43,38,29,29,34,38,41,61,20,29,29,26,13,16,0,0,0,0,0,0,0,0,0,0,0,0,0,0,0,0,0,0,0,0,0,0,0,0,0,0,0,0,0,0,0,0,0,0,0,0,0,0,0,0,0,0,0,0,0,0,0,0,0,0,0,0,0,0,0,0,0,0,0,0,0,0,0,0,0,0,0,0,0,0,0,0,0,0,0,0,0,0,0]} 1. c4 e5 2. g3 Nf6 3. Bg2 d5 4. cxd5 Nxd5 5. Nf3 Nc6 6. O-O Nb6 7. b3 {A20: English Opening: 1...e5} (7. Nc3 Be7 8. Rb1 a5 9. d3 O-O 10. Be3 Be6 11. a3 Nd5 12. Nxd5 Bxd5 13. Rc1 a4 14. Qc2 Re8 15. Rfe1 f5 16. Bc5 Bf6 17. e4 fxe4 18. dxe4 Bb3 19. Qc3 Qd7 20. Bf1 Red8 21. Bc4+ Bxc4 22. Qxc4+ {1-0 (82) Karjakin,S (2781)-Vachier Lagrave,M (2796) Paris 2017}) 7... g6 8. Nc3 {LiveBook: 24 Games} Be7 9. d3 $146 {White has an edge.} ({Predecessor:} 9. Bb2 O-O 10. d3 Bf6 11. Rc1 Bg7 12. Nd2 h5 13. a3 h4 14. b4 a5 {½-½ (67) Evans,B (2258)-Milman,L (2488) Berkeley 2008}) 9... O-O 10. Bh6 Re8 11. Rc1 Nd4 12. Qd2 (12. Nxe5 $14 Ba3 13. Nc4 Nxc4 14. dxc4) 12... Nf5 $15 13. Ne4 ({Don't blunder} 13. Nxe5 $2 Nxh6 14. d4 (14. Qxh6 $2 Bg5 $19) 14... Nf5 $19) 13... Nxh6 14. Qxh6 Bf8 15. Qg5 Qxg5 16. Nfxg5 {[#] Threatens to win with Nf6+.} Be7 17. Nf3 f5 18. Nc5 Bf8 19. e4 c6 20. Rfe1 Bg7 (20... Bh6 $5 {[%cal Rh6c1]}) 21. Rc2 Nd7 22. Na4 Nb6 23. Nb2 (23. Nc5 $11) 23... Bd7 (23... f4 $15) 24. Rce2 Rad8 (24... f4 $15) 25. exf5 $11 Bxf5 26. Nxe5 Rxe5 (26... Nd7 {is more complex.} 27. d4 Nb6 28. Be4 Bh3 29. Nbd3 Rxd4 30. Nf4 Rxe5 31. Nxh3 Rd7) 27. Rxe5 Bxe5 28. Rxe5 Bxd3 29. Nxd3 Rxd3 {[%mdl 4096] Endgame KRB-KRN} 30. Re8+ Kf7 31. Rb8 Rd1+ 32. Bf1 Rd7 33. h4 Kf6 34. Bh3 Re7 35. Bg2 Rc7 36. Kf1 Nd7 37. Re8 Nc5 38. Ke2 Kf7 39. Re3 (39. Ra8 {with more complications.} b6 40. Ke3 Kf6 41. Re8 Ne6 42. Bh3) 39... Rd7 40. f4 Rd6 41. Bh3 Rd4 42. f5 a5 (42... g5 $5) 43. fxg6+ hxg6 44. Rc3 Re4+ 45. Kf3 Re5 46. g4 Rd5 47. Bf1 {[#] Strongly threatening Bc4.} Nd7 48. Ke3 Ne5 49. Be2 Kg7 50. Rc1 Nd7 51. Bf3 Re5+ 52. Kf4 Re7 53. Rd1 Rf7+ 54. Kg3 Re7 55. Rd6 Nc5 {The position is equal.} 56. h5 gxh5 57. gxh5 Ne4+ 58. Bxe4 $1 Rxe4 {KR-KR} 59. Rd7+ Kh6 60. Rxb7 a4 61. Kf3 Rh4 62. Ke3 axb3 63. axb3 Rxh5 64. Kd4 Kg6 65. Rc7 Kf6 66. Kc4 ({Don't take} 66. Rxc6+ $6 Ke7 $16) 66... Ke6 67. Rxc6+ Kd7 68. Rc5 (68. Ra6 {is interesting.} Kc7 69. Rg6 Rh4+ 70. Kb5 Rh8 71. Rc6+) 68... Rh8 69. Kb4 Kd6 70. Rc3 Rb8+ 71. Ka5 Ra8+ 72. Kb6 Rb8+ 73. Ka6 $1 Kd5 74. Ka5 Ra8+ 75. Kb4 Rb8+ 76. Ka3 $1 Ra8+ 77. Kb2 Rb8 78. Rc4 Rh8 79. Kc3 Rg8 80. Kb4 Rb8+ 81. Ka3 Ra8+ 82. Kb2 Rh8 83. Rc7 Kd6 84. Rc3 (84. Rg7 {is more complex.} Kc6 85. Rg6+ Kc5 86. Rg4 Rb8 87. Ka3) 84... Rb8 85. Rc4 Kd5 86. Rc2 Kd6 87. Rc1 Kd5 88. Rc4 Rh8 89. Ka3 Ra8+ 90. Ra4 Rb8 91. Rh4 Ra8+ 92. Kb4 Rb8+ 93. Kc3 Rc8+ 94. Kb2 Rg8 95. Rc4 {Precision: White = 55%, Black = 68%.} 1/2-1/2

[Event "FIDE World Cup 2017"]
[Site "Tbilisi"]
[Date "2017.09.08"]
[Round "2.3"]
[White "Gelfand, Boris"]
[Black "Wang, Hao"]
[Result "0-1"]
[WhiteElo "2737"]
[BlackElo "2701"]
[Annotator "TA"]
[PlyCount "106"]
[EventDate "2017.??.??"]
[EventType "k.o."]
[EventCountry "GEO"]
[SourceTitle "playchess.com"]
[Source "ChessBase"]
[SourceQuality "1"]

{[%evp 18,106,-16,-10,-14,0,-3,-43,-42,-31,-54,-62,-64,-61,-39,-38,-39,-55,-39,-41,-32,-34,-40,-27,-22,-54,-52,-61,-53,-44,-52,-66,-74,-79,-86,-71,-61,-64,-56,-72,-56,-64,-60,-71,-52,-88,-77,-79,-59,-63,0,-70,-69,-93,-89,-85,-71,-148,-97,-77,-63,-66,-70,-70,-70,-81,-71,-85,-79,-97,-57,-135,-135,-29955,-29954,-29955,-29961,-29959,-29962,-29963,-29965,-29965,-29964,-29970,-29969,-29970,-29970,-29969,-29968,-29977,-29978]} 1. c4 Nf6 2. Nc3 e5 3. Nf3 Nc6 4. g3 d5 5. cxd5 Nxd5 6. Bg2 Bc5 {A29: English Opening: Four Knights Variation with 4 g3} 7. O-O O-O 8. d3 Bb6 9. Nxd5 Qxd5 {[#]} 10. b4 $1 {[%mdl 512] LiveBook: 3 Games} a5 $146 (10... Nxb4 11. Bb2) ({Find the theoretical novelty and annotate with similar games:} 10... e4 11. Ng5 Qd4 12. Be3 Qxb4 13. Nxe4 Bxe3 14. fxe3 {1-0 (53) Nakamura,H (2792)-Karjakin,S (2773) Saint Louis 2017}) 11. bxa5 Nxa5 {[%cal Bc6a5,Ba5b3,Bb3c1][%mdl 32]} 12. Qc2 {[#]} Nb3 $1 {[%mdl 512]} 13. Rb1 (13. axb3 Rxa1) 13... Nxc1 14. Rfxc1 Rxa2 15. Rb2 Rxb2 16. Qxb2 Re8 17. e3 h6 18. h4 Qd6 19. Nd2 Qxd3 20. Nc4 Qd8 21. Nxb6 cxb6 22. Qb4 g5 23. hxg5 hxg5 24. Qb5 Kg7 25. Bf3 Bd7 26. Qb1 Qf6 27. Bxb7 Rh8 (27... Rb8 $5 {[%cal Rb8b7]} 28. Be4 Rh8 $15) 28. Qb2 Bg4 29. Bg2 Rd8 30. Qb4 Be2 31. Re1 Bh5 32. Rc1 Qd6 33. Qb2 Qf6 34. Qb4 $1 Bg6 35. Qb2 Rd6 36. Qb4 Qd8 37. f4 ({White should try} 37. Qb5) 37... gxf4 (37... Rd3 $142 38. Re1 gxf4 39. gxf4 Qh4) 38. gxf4 $17 Rd1+ 39. Rxd1 Qxd1+ 40. Kh2 exf4 41. exf4 Qh5+ 42. Kg3 Qc5 43. Qb2+ Kg8 44. Qf6 {[#]} (44. Qe5 $15) 44... b5 $1 {[%cal Bb6b5,Bb5b4][%mdl 32]} 45. Qe5 $2 {[%mdl 8192]} (45. Bf3 $17) 45... Qxe5 {Black mates.} 46. fxe5 {[%mdl 4096] Endgame KB-KB} b4 47. Bd5 {[#]} Bf5 $1 48. Kf4 Be6 49. Be4 Kg7 50. Ke3 Kh6 51. Kd4 Kg5 52. Bc6 Kf4 53. Be4 b3 {Precision: White = 41%, Black = 83%.} 0-1

[Event "FIDE World Cup 2017"]
[Site "Tbilisi"]
[Date "2017.09.08"]
[Round "2.3"]
[White "Matlakov, Maxim"]
[Black "Andreikin, Dmitry"]
[Result "1/2-1/2"]
[WhiteElo "2728"]
[BlackElo "2708"]
[Annotator "TA"]
[PlyCount "51"]
[EventDate "2017.??.??"]
[EventType "k.o."]
[EventCountry "GEO"]
[SourceTitle "playchess.com"]
[Source "ChessBase"]
[SourceQuality "1"]

{[%evp 14,51,11,8,9,14,38,27,46,33,61,60,78,72,88,83,75,64,67,74,89,97,88,84,78,79,127,126,667,644,644,631,612,0,160,0,536,0,187,0]} 1. d4 Nf6 2. c4 e6 3. Nf3 d5 4. g3 Bb4+ 5. Nbd2 O-O 6. Bg2 b6 7. O-O Bb7 8. b3 {LiveBook: 20 Games. E16: Queen's Indian: 4 g3 Bb7 5 Bg2 Bb4+} Qe7 $146 ({Predecessor:} 8... Nbd7 9. Bb2 Re8 10. Rc1 Rc8 11. a3 Bf8 12. Ne5 c5 13. Nxd7 Nxd7 14. dxc5 bxc5 15. Nb1 Ba6 16. cxd5 exd5 17. Qxd5 Rxe2 {½-½ (31) Wei,Y (2700)-Yu,Y (2738) China 2016}) 9. Bb2 Rd8 10. a3 {White is slightly better.} Bd6 11. Nh4 c5 12. cxd5 Nxd5 13. e4 $1 {[%cal Re4d5]} Nf4 14. e5 $1 $36 {[%cal Re5d6][%mdl 2048] Keeping Black busy.} ({Worse is} 14. gxf4 Qxh4 15. e5 Bxg2 $17) 14... Nxg2 15. exd6 Qxd6 {aiming for ...Nxh4.} 16. Nxg2 cxd4 17. Qg4 Nc6 18. Nc4 Qc5 19. Rac1 Qb5 20. Nf4 Qxb3 $2 {[%mdl 8192]} (20... Ne7 $16 21. Nd2 Qd7) 21. Nh5 $18 {[%csl Gh5][%cal Rg4g7]} g6 {...Ba6 is the strong threat.} 22. Nf6+ Kg7 23. Nh5+ $2 (23. Qf4 $18) 23... Kg8 $16 {[#]} 24. Nf6+ $2 (24. Rfe1 $1 $16) 24... Kg7 $1 $18 {[%cal Rg7f6]} 25. Nh5+ $2 (25. Qf4) 25... Kg8 {[#] Hoping for ...Ba6.} 26. Nf6+ $2 {Precision: White = 87%, Black = 42%.} ({White should try} 26. Rfe1 $1 $18) 1/2-1/2

[Event "FIDE World Cup 2017"]
[Site "Tbilisi"]
[Date "2017.09.08"]
[Round "2.3"]
[White "Vitiugov, Nikita"]
[Black "Najer, Evgeniy"]
[Result "0-1"]
[WhiteElo "2728"]
[BlackElo "2694"]
[Annotator "TA"]
[PlyCount "132"]
[EventDate "2017.??.??"]
[EventType "k.o."]
[EventCountry "GEO"]
[SourceTitle "playchess.com"]
[Source "ChessBase"]
[SourceQuality "1"]

{[%evp 13,132,0,20,0,0,6,30,29,22,-5,12,17,16,0,0,16,43,0,27,0,17,8,25,0,0,-29,-12,-4,23,0,35,16,31,24,18,19,26,0,89,98,82,74,86,-64,0,0,40,8,73,0,51,0,62,0,257,221,208,211,217,126,348,0,211,0,320,83,176,77,104,94,150,156,150,120,387,343,331,411,366,378,315,182,155,0,0,0,166,0,0,0,0,0,0,0,0,0,0,0,0,0,0,0,0,-117,-102,-247,-160,-152,-142,-130,-112,-29990,-29989,-29991,-29992,-29992,-29993,-29993,-29994,-29995,-29996]} 1. d4 Nf6 2. c4 e6 3. Nf3 Bb4+ 4. Nbd2 O-O 5. g3 b6 6. Bg2 Bb7 7. O-O Re8 {LiveBook: 29 Games} 8. b3 {E16: Queen's Indian: 4 g3 Bb7 5 Bg2 Bb4+} (8. e4 $5) (8. a3 Bf8 9. e4 d6 10. e5 dxe5 11. dxe5 Nfd7 12. Qc2 Nc6 13. Ne4 h6 14. Rd1 Qc8 15. Bf4 Nc5 16. Nxc5 bxc5 {1-0 (53) Artemiev,V (2674)-Antipov,M (2573) Moscow 2016}) 8... a5 $146 ({Find the theoretical novelty and annotate with similar games:} 8... Bf8 9. Bb2 d6 10. Qc2 Nbd7 11. Rad1 Qb8 12. Rfe1 a5 13. a4 Qa7 14. e4 e5 15. Nh4 g6 {0-1 (27) Xiang,Z (2411)-Le,H (2167) Ho Chi Minh City 2017}) 9. a3 Bxd2 (9... Bc3 $5 {[%cal Rc3a1]} 10. Ra2 Bxd2 11. Qxd2 (11. Bxd2 d6 $11) 11... h6 $11) 10. Qxd2 {White has an edge.} d6 11. a4 Nbd7 12. Bb2 e5 13. d5 Nc5 14. Qc2 Bc8 15. Nd2 Bg4 16. f3 {[%cal Bf2f3,Bf3f4][%mdl 32]} Bd7 17. e4 h5 18. Rae1 h4 19. f4 hxg3 20. hxg3 Ng4 21. Nf3 {[%cal Bd2f3,Bf3h4,Bh4f5][%mdl 32]} c6 22. dxc6 Bxc6 23. Nh4 exf4 24. Rxf4 Ne5 25. Rd1 Ra7 (25... Qg5 $11 26. Nf5 Bd7 27. Rxd6 Bxf5 28. Rxf5 Qxg3) 26. Nf5 $16 Rd7 27. Qe2 Qg5 ({Wrong is} 27... Nxb3 $2 28. Qh5 $18) 28. Qe3 (28. Rdf1 $16 {Strongly threatening Bxe5.} Ncd3 29. Rh4) 28... Red8 (28... f6 $15) 29. Rdf1 $11 Ncd3 30. Bd4 Nc5 (30... f6 $11) 31. Bb2 Ncd3 32. Bd4 Nc5 33. Qe2 (33. Qc3 $1 $14) 33... Kf8 $2 {[%mdl 8192]} ({But not} 33... Nxb3 $2 34. Bxe5 dxe5 35. Rg4 $18) (33... g6 $11 {and Black is okay.} 34. Bxe5 dxe5) 34. Rh4 $18 {[%cal Rh4h8]} f6 35. Be3 Qg6 36. Bf4 (36. Bf3 $1 $18) 36... Ne6 $2 (36... Bb7 $16) 37. Be3 Nc5 $1 38. Bf4 (38. Bf3 $142 $1) 38... Ne6 $1 {[#]} 39. Bc1 $2 (39. c5 $1 $18 {[%mdl 512] is the precise move to win.}) 39... Kf7 (39... Re8 $16) 40. Rd1 (40. Qe3 $18) 40... Nc5 41. Bf4 Nxb3 (41... Kg8 $142) 42. Rb1 $1 $16 {[%cal Rb1b3]} Nc5 43. Rxb6 Rb7 $2 {[%mdl 8192] [#]} ({Don't go for} 43... Nxa4 $2 44. Bxe5 $3 {[%mdl 512]} Nxb6 45. Bd4 $18) (43... Bxa4 $16 {was called for.} 44. Qd2 Kg8) 44. Rxb7+ $1 $18 Bxb7 {[#]} 45. Bxe5 $1 dxe5 46. Rg4 Rd2 47. Qxd2 (47. Qf3 $142 Qh7 48. Rxg7+ Qxg7 49. Nxg7 Kxg7 50. Qc3) 47... Qxg4 48. Nd6+ $2 (48. Qxa5 $16 Ne6 49. Qa7) 48... Ke7 $2 (48... Kg6 $11 {and Black stays safe.} 49. Nxb7 Nxb7) 49. Nf5+ Kf7 50. Nd6+ $2 ({White must play} 50. Qxa5 $18 Qd1+ 51. Kh2 Qh5+ 52. Nh4) 50... Kg6 $11 51. Nxb7 Nxb7 52. Qd5 Qc8 53. Kh2 {And now Bh3 would win.} Qc7 54. Bh3 {Threatening mate with Bf5+.} Kh7 55. Bf5+ g6 56. Bd7 Kg7 57. Qe6 Qc5 {...Qf2+ is the strong threat.} 58. Bc6 (58. Be8 $11 Qf2+ 59. Kh3) 58... Qf2+ $17 59. Kh3 (59. Kh1 $17) 59... Nc5 $19 60. Qe7+ Kh6 61. Qf8+ Kg5 {( -> ...Qg1)} 62. Qd8 $2 {[%mdl 8192]} (62. Qh8 $17 Qf1+ 63. Kh2 Qe2+ 64. Kg1) 62... Qf1+ {Black mates.} 63. Kh2 Nd3 64. Qb6 Qe2+ 65. Kg1 Kg4 66. Bd7+ Kxg3 {Precision: White = 39%, Black = 47%.} 0-1

[Event "FIDE World Cup 2017"]
[Site "Tbilisi"]
[Date "2017.09.08"]
[Round "2.3"]
[White "Navara, David"]
[Black "Cheparinov, Ivan"]
[Result "1-0"]
[WhiteElo "2720"]
[BlackElo "2695"]
[Annotator "TA"]
[PlyCount "88"]
[EventDate "2017.??.??"]
[EventType "k.o."]
[EventCountry "GEO"]
[SourceTitle "playchess.com"]
[Source "ChessBase"]
[SourceQuality "1"]

{[%evp 21,88,0,0,-2,0,-9,-16,1,56,45,83,55,62,76,72,70,66,63,54,55,97,91,95,95,107,127,116,93,118,108,109,93,90,101,103,103,145,142,174,175,159,154,175,177,193,193,184,181,231,191,192,202,186,189,356,316,310,302,364,363,323,316,907,446,1062,1030,894,348,29969]} 1. c4 c5 2. Nf3 Nc6 3. d4 cxd4 4. Nxd4 Nf6 5. Nc3 e6 6. a3 Bc5 {[%cal Bf8c5,Bc5b6,Bb6c7,Bc7e5][%mdl 32]} 7. Nb3 {A33: Symmetrical English: 2 Nf3 Nf6 3 d4 cxd4 4 Nxd4 e6 5 Nc3 Nc6} Bb6 8. c5 Bc7 9. g3 O-O 10. Bg2 b6 11. O-O Be5 {LiveBook: 4 Games} 12. Be3 (12. a4 bxc5 13. Nxc5 d5 14. e4 Bd4 15. exd5 exd5 {½-½ (42) Karjakin,S (2769)-Caruana,F (2808) Baku 2016}) 12... Rb8 $146 ({Find the theoretical novelty and annotate with similar games:} 12... Ba6 13. Rc1 Ng4 14. Bd2 Rc8 {½-½ (29) Kudr,R (2024)-Flores,L (2034) LSS email 2011}) 13. Rc1 Ng4 14. Bd2 bxc5 ({Better is} 14... Ba6 $11) 15. Nxc5 $14 Nf6 16. b4 a5 17. b5 Bxc3 18. Bxc3 Rxb5 19. Qa4 $36 {[%mdl 2048] White has the initiative.} Rb6 20. Rfd1 d5 21. e4 Qe7 22. Bxf6 Qxf6 23. exd5 exd5 24. Rxd5 ({Much less strong is} 24. Bxd5 Ne5 $14) 24... Ne5 25. Qd4 Ng4 26. h3 $1 {[%cal Rh3g4]} Qxd4 27. Rxd4 Nf6 28. Ra4 $1 Rb5 29. Bf1 Rb2 30. Rxa5 h5 {[#]} 31. a4 $1 {[%cal Ba3a4,Ba4a5,Ba5a6][%mdl 32]} Bf5 32. Rb5 Ra2 33. a5 g6 {[#]} 34. a6 $1 Ne4 35. g4 hxg4 36. hxg4 Nxc5 37. gxf5 {[%cal Bg4f5,Bf5g6,Bg6f7][%mdl 32]} Nxa6 $2 (37... Ne4 {keeps fighting.} 38. Rc7 Kg7) 38. fxg6 $18 Kg7 39. Bc4 Ra4 40. gxf7 Nc7 41. Rc5 Ra7 $2 (41... Rxc4 42. R1xc4 Ne6) 42. Bb3 (42. Rc3 $142 Kf6 43. Re3) 42... Na6 (42... Ne8 $142 43. Rg5+ Kf6 44. fxe8=R Rxe8) 43. Rg5+ Kf6 44. Rg8 $2 (44. Ra5) 44... Raa8 $2 {Precision: White = 83%, Black = 34%.} (44... Rfxf7 $18 45. Rc6+ Ke7 46. Re6+ Kd7 47. Rxa6 Rxa6 48. Bxf7 Ke7) 1-0

[Event "FIDE World Cup 2017"]
[Site "Tbilisi"]
[Date "2017.09.08"]
[Round "2.3"]
[White "Bu, Xiangzhi"]
[Black "Bacrot, Etienne"]
[Result "1/2-1/2"]
[WhiteElo "2714"]
[BlackElo "2728"]
[Annotator "TA"]
[PlyCount "90"]
[EventDate "2017.??.??"]
[EventType "k.o."]
[EventCountry "GEO"]
[SourceTitle "playchess.com"]
[Source "ChessBase"]
[SourceQuality "1"]

{[%evp 19,90,0,0,6,12,-12,0,0,0,-7,0,0,15,0,0,0,0,0,0,0,0,0,0,0,0,0,0,0,0,0,0,0,0,0,0,0,35,0,35,35,88,88,88,88,88,88,120,0,0,0,0,0,0,0,0,0,0,0,0,0,0,0,0,0,0,0,0,0,0,0,0,0,267]} 1. Nf3 d5 2. g3 Nf6 3. Bg2 e6 4. O-O Be7 5. d4 O-O 6. c4 dxc4 7. Qc2 b6 8. Qxc4 Bb7 9. Nc3 Nbd7 10. Rd1 c5 {LiveBook: 6 Games} 11. dxc5 {E03: Open Catalan: 5 Qa4+ Nbd7 6 Qxc4} (11. Ne5 Bxg2 12. Kxg2 Qc7 13. Nxd7 Qxd7 14. dxc5 Qc6+ 15. e4 a6 16. Qe2 Bxc5 17. Bg5 Be7 18. Rac1 Qb7 {½-½ (60) Fridman,D (2607)-Rambaldi,F (2544) Bergamo 2016}) 11... Bxc5 12. b4 {[#]} (12. Bg5 $5 {[%cal Rg5f6]} Qe7 13. Na4 $11) 12... Bxf2+ $146 {[%mdl 512]} ({Predecessor:} 12... Be7 13. Bb2 Rc8 14. Qb3 Qc7 15. Nb5 Qb8 16. a3 Bd5 17. Qe3 a6 18. Nbd4 Ng4 {1-0 (55) Vasilevich,T (2368)-Sarakauskiene,Z (2188) Beijing 2008}) 13. Kxf2 {aiming for Qd4.} Rc8 14. Qf4 $1 {Nb5 is the strong threat.} Rxc3 15. Bb2 Rc7 16. Bxf6 (16. Be5 $5 Rc8 17. Bxf6 gxf6 18. Rd4 $11) 16... gxf6 17. Rac1 Rxc1 18. Qxc1 Qc8 19. Qxc8 Bxc8 20. Rc1 Rd8 21. Rc7 a6 22. a4 Nb8 23. Nd2 Bd7 24. a5 bxa5 25. bxa5 Kf8 26. Ke3 Ke7 27. Kd4 Rg8 (27... Kf8 $5 {[%cal Rd7c6]} 28. Ke3 Rc8 $11) 28. Rb7 Rc8 29. Nc4 Nc6+ {[#]} (29... Rf8 $14) 30. Bxc6 $1 $16 Rxc6 {[%mdl 4096] Endgame [#] KRB-KRN} 31. Nb6 $1 Rd6+ 32. Kc5 Rd2 33. Nxd7 ({Much weaker is} 33. Rxd7+ $6 Rxd7 34. Nxd7 Kxd7 $11) ({Better is} 33. e4 $16) 33... Rxd7 $11 {The position is equal.} 34. Kc6 (34. Rb1 {keeps more tension.} Rd6 35. e4 h5 36. Rb7+ Rd7 37. Rb4) 34... Rxb7 35. Kxb7 {KP-KP} Kd7 36. Kxa6 Kc6 37. Ka7 {And now Kb8 would win.} Kc7 $1 38. Ka6 {Threatens to win with Kb5.} Kc6 39. Ka7 {Black must now prevent Kb8.} (39. g4 $5 {[%cal Re2e4]} f5 40. gxf5 exf5 41. h4 $11) 39... Kc7 $1 40. g4 f5 $1 {[%cal Rf5g4]} 41. gxf5 exf5 42. e3 h5 43. h4 f6 44. a6 $2 {[%mdl 8192]} (44. Ka8 $11 Kc8 45. a6) 44... f4 $1 $18 {[%cal Rf4f3]} 45. exf4 {Strongly threatening f5.} f5 {[%mdl 32768] Precision: White = 83%, Black = 70%. . An unexpected result.} 1/2-1/2

[Event "FIDE World Cup 2017"]
[Site "Tbilisi"]
[Date "2017.09.08"]
[Round "2.3"]
[White "Jobava, Baadur"]
[Black "Yu, Yangyi"]
[Result "1/2-1/2"]
[WhiteElo "2702"]
[BlackElo "2750"]
[Annotator "TA"]
[PlyCount "61"]
[EventDate "2017.??.??"]
[EventType "k.o."]
[EventCountry "GEO"]
[SourceTitle "playchess.com"]
[Source "ChessBase"]
[SourceQuality "1"]

{[%evp 12,61,23,19,17,18,18,0,4,0,27,27,27,21,28,28,28,28,25,31,19,23,63,66,95,31,25,24,35,12,27,31,58,22,31,4,1,0,1,1,0,0,4,5,6,0,0,0,0,0,0,0]} 1. b3 d5 2. Bb2 Nf6 3. e3 g6 4. c4 dxc4 5. Bxc4 Bg7 6. Nf3 {A01: Nimzowitsch-Larsen Opening} O-O 7. O-O {LiveBook: 12 Games} c5 8. Be2 Nc6 9. Qc1 Qd6 $146 ({Predecessor:} 9... Qb6 10. Nc3 Qc7 11. Nb5 Qb6 12. Nc3 {0-1 (51) Artemiev,V (2671)-Najer,E (2663) Sochi 2015}) 10. Na3 b6 11. d4 cxd4 12. Nb5 $36 {[%mdl 2048] White has some pressure.} Qd7 13. Nbxd4 Bb7 14. Nxc6 Qxc6 15. Qxc6 Bxc6 16. Rac1 Bd5 17. Ba3 Ne4 18. Bxe7 ({White should play} 18. Rfd1 $16 Nc3 {[#]} 19. Rxc3 $1 {[%mdl 512]} Bxf3 20. Bxf3 Bxc3 21. Bxa8 (21. Bxe7 Rac8 $16) 21... Rxa8 22. Bxe7) 18... Rfe8 $14 19. Bb4 $1 a5 20. Be1 Rac8 21. Rd1 Red8 22. Nd4 (22. Ba6 $5 {[%cal Ra6c8]} Ra8 23. Bb5 $14) 22... Bb7 23. f3 Nc3 {The position is equal.} 24. Bxc3 $1 Rxc3 25. Nb5 Rxd1 26. Rxd1 Rxe3 27. Bc4 Ba6 28. Kf2 Re7 29. Nd6 Rd7 {[#] aiming for ...Bxc4.} 30. Ke2 Be5 31. Bxa6 {Precision: White = 68%, Black = 75%.} 1/2-1/2

[Event "FIDE World Cup 2017"]
[Site "Tbilisi"]
[Date "2017.09.08"]
[Round "2.3"]
[White "Duda, Jan-Krzysztof"]
[Black "Ivanchuk, Vassily"]
[Result "1/2-1/2"]
[WhiteElo "2698"]
[BlackElo "2727"]
[Annotator "TA"]
[PlyCount "150"]
[EventDate "2017.??.??"]
[EventType "k.o."]
[EventCountry "GEO"]
[SourceTitle "playchess.com"]
[Source "ChessBase"]
[SourceQuality "1"]

{[%evp 28,149,11,1,4,15,14,7,4,0,0,7,14,0,4,-8,-10,-23,-25,-22,-7,-7,0,0,0,0,0,0,0,0,0,0,2,0,8,0,0,-10,-13,-11,0,0,16,3,1,0,0,-8,0,-22,0,-20,-21,-16,-19,-41,-27,-47,-48,-47,-47,-47,-41,-54,-54,-111,-107,-102,-74,-143,-147,-150,-141,-150,-150,-144,-70,-82,-27,-34,-31,-30,0,-126,-143,-146,-135,-156,0,0,0,0,0,0,0,0,0,-44,0,0,0,0,0,0,-14,-8,0,-93,0,0,0,0,0,0,0,0,0,0,0,0,0,0,0,0]} 1. e4 c6 2. d4 d5 3. Nc3 {[%cal Bb1c3,Bc3e4,Be4g5][%mdl 32]} dxe4 4. Nxe4 Nd7 5. Ng5 Ngf6 6. Bd3 e6 7. N1f3 Bd6 8. Qe2 h6 9. Ne4 Nxe4 10. Qxe4 Qc7 11. O-O b6 12. Qg4 {B17: Caro-Kann: Modern Line (4...Nd7)} Kf8 13. Re1 (13. b3 Bb7 14. Re1 Nf6 15. Qh3 Nd5 16. c4 Nb4 17. Be4 c5 18. a3 Bxe4 19. Rxe4 Nc6 20. Bb2 cxd4 21. Nxd4 Nxd4 22. Bxd4 {½-½ (58) Pavlidis,A (2532)-Wojtaszek,R (2749) Tallinn 2016}) 13... c5 14. Qh4 Bb7 15. Be4 {LiveBook: 8 Games} Be7 {[#]} 16. Qh3 $146 ({Predecessor:} 16. Bg5 Bxg5 17. Nxg5 Kg8 18. Nf3 g5 19. Qh3 Bxe4 20. Rxe4 {1-0 (46) Hamdouchi,H (2590)-Godard,M (2344) Bastia 2009}) 16... Bxe4 17. Rxe4 Rd8 18. c3 Qb7 19. Re2 Kg8 20. Bf4 Nf8 21. Rae1 Ng6 22. Bc1 cxd4 23. Nxd4 Kh7 (23... Bf6 {keeps more tension.} 24. Nf3 Kh7 25. Qg4 Rd5 26. Qe4 Rhd8) 24. Qf3 Qxf3 25. Nxf3 Rd7 26. g3 Rc8 27. h4 h5 28. Kf1 Kg8 29. Rd2 Rdc7 30. Rd3 Kf8 31. Bd2 Ke8 32. Bg5 f6 33. Be3 Kf7 (33... e5 $5 {[%cal Re5e4]} 34. Nd2 Rd7 35. Rxd7 Kxd7 $11) 34. Red1 b5 35. Rd7 Nf8 36. Rxc7 Rxc7 37. Ke2 (37. Nd4 $5 {[%cal Rd4b5]}) 37... Nd7 38. Kd3 a6 39. Ra1 Bc5 40. a4 b4 41. cxb4 $1 Bxb4 42. Rc1 Rxc1 43. Bxc1 $15 {[%mdl 4096] Endgame KBN-KBN} Bc5 44. Ke2 e5 45. Bd2 Ke6 46. Be1 (46. b4 $15 Bd6 47. Kd3) 46... Kd5 $17 47. b3 e4 48. Nd2 (48. Ng1 $142) 48... Ne5 49. f3 f5 50. fxe4+ fxe4 51. Nf1 Nd3 (51... Nf3 $1 $17 52. Bc3 Nd4+ 53. Kd1 Nf5) 52. Bc3 $15 Nc1+ ({Better is} 52... g6 $17 {Strongly threatening ...Nc1+.} 53. Kd2 Ke6) 53. Kd1 $11 Nxb3 {aiming for ...g6.} 54. Bxg7 e3 {[#]} 55. Bb2 {[#]} (55. g4 $1 $11 {[%mdl 512]}) 55... Ke4 $1 $17 {[%cal Re4f3]} 56. Ke2 Bd4 57. Ba3 a5 $2 ({Black should play} 57... Bb6 $17 58. Bb2 Bd4) 58. g4 $1 $11 {[%cal Rg4h5]} hxg4 59. Ng3+ Ke5 {White must now prevent ...Nc5.} 60. Nf1 Kf4 {And now ...Nc5 would win.} (60... Ba7 $5 {[%cal Rb3d4]} 61. Nxe3 g3 $11) 61. Bd6+ Ke4 62. Ng3+ Kd5 63. Bc7 Kc6 64. Bf4 Nc1+ (64... Nc5 $5 {[%cal Rc5a4]}) 65. Kd1 Nd3 66. Bg5 Kd5 67. h5 (67. Ke2 $11 Nc1+ 68. Kf1) 67... Nf2+ (67... Be5 $17 68. Nf1 g3 69. Bxe3 g2) 68. Ke2 {The position is equal.} Ne4 69. Nxe4 Kxe4 {KB-KB} 70. h6 $1 g3 71. h7 $1 {Bxe3! is the strong threat.} g2 {[#]} 72. Bxe3 $1 {[%mdl 512]} Bxe3 73. h8=Q {Qe8+ would kill now.} g1=Q 74. Qh1+ $2 {[%mdl 8192]} (74. Qh7+ Kf4 75. Qh4+ Kf5 76. Qh3+ Qg4+ 77. Qxg4+ Kxg4 78. Kxe3) 74... Kd4 {( -> ...Qf2+)} 75. Qe4+ $1 Kxe4 {Precision: White = 61%, Black = 59%.} 1/2-1/2